书目信息 |
| 题名: |
大学英语五.六级研究生英语词汇手册
|
|
| 作者: | 张新云 主编 | |
| 分册: | ||
| 出版信息: | 西安 西北电讯工程学院出版社 1997.04 |
|
| 页数: | 629页 | |
| 开本: | 32开 | |
| 丛书名: | ||
| 单 册: | ||
| 中图分类: | H313-62 | |
| 科图分类: | ||
| 主题词: | 英语 | |
| 电子资源: | ||
| ISBN: | 7-5606-0506-0 | |
| 000 | 00612nam0 2200193 45 | |
| 001 | 0004030865 | |
| 005 | 20000403081508.2 | |
| 010 | @a7-5606-0506-0@d13.50元 | |
| 100 | @a20000403d1997 km y0chiy0120 ea | |
| 101 | @achi | |
| 105 | @a z 000yy | |
| 200 | 1 | @a大学英语五.六级研究生英语词汇手册@ADa Xue Ying Yu Wu.Liu Ji Yan Jiu Sheng Ying Yu Ci Hui Shou Ce@f张新云 主编@FZhang Xin Yun Zhu Bian |
| 210 | @a西安@c西北电讯工程学院出版社@d1997.04 | |
| 215 | @a629页@d32开 | |
| 606 | 0 | @a英语 |
| 690 | @aH313-62@v3 | |
| 701 | @a张新云@4主编 | |
| 801 | @aCN@bPftUser@c20000403 | |
| 905 | @f2@b52222-223@dH313-62@eZH928 | |
| 大学英语五.六级研究生英语词汇手册/张新云 主编.-西安:西北电讯工程学院出版社,1997.04 |
| 629页;32开 |
| ISBN 7-5606-0506-0:13.50元 |
| ● |
| 相关链接 |
|
|
|
正题名:大学英语五·六级研究生英语词汇手册
索取号:H313-62/ZH928
 
预约/预借
| 序号 | 登录号 | 条形码 | 馆藏地/架位号 | 状态 | 备注 |
| 1 | 52222 | 200522229 | 语言库209/209语言库 31排5列2层/ [索取号:H313-62/ZH928] | 在馆 | |
| 2 | 52223 | 200522238 | 语言库209/209语言库 31排5列2层/ [索取号:H313-62/ZH928] | 在馆 |